=LDR 00000nam 2200000 4500 =001 INLIS000000000041185 =005 20130612150730 =008 ***********************************ind** =035 ##$$0010-061300000041185 =041 ##$$a ind =082 ##$$a 813 =090 ##$$a 813, Tow l =100 ##$$a Townley, Gemma =245 ##$$a Learning cutves, Misa rahasia/Gemma Townley; alih bahasa, Utti Setiawati =260 ##$$a 2011 $b Jakarta =300 ##$$a 431 hlm., 18 cm =650 ##$$a Fiksi =700 ##$$a Setiawati, Utti =850 ##$$a NBPNMAT